000 00694nam a22002177a 4500
003 OSt
005 20260203035905.0
008 260203b |||||||| |||| 00| 0 eng d
020 _a 978-1-4462-9446-8
040 _aDWC-Main lib
_cOC
082 _aCirc. 153 E97c 2015
100 _aEysenck, Michael W.
245 _aCognitive Psychology:
_b revisiting the classic studies./
_cMichael W. Eysenck
260 _aLondon:
_bSage Publication,
_cc2015.
300 _axiii, 210 pages :
_c 25cm.
504 _aIncludes index and bibliography
650 _a1. Cognitive psychology
650 _a2. Cognitive psychology-- Research
700 _aDavid Goomer
942 _2ddc
_cBK-CIRC
_kCirc.
_n0
999 _c8180
_d8180